000 00574 a2200169 4500
020 _a8172246439
020 _a9788172246433
090 _c1939
_d1939
100 1 _aStepper, Petrozo.
245 1 0 _aSuccessful re-engineering /
_cPetrozo Stepper.
260 _a[S.l.] :
_bJaico Publishing House,
_c2005.
300 _a336 p.
500 _aHardcover.
856 4 0 _3Amazon.com
_uhttp://www.amazon.com/exec/obidos/ASIN/8172246439/chopaconline-20
856 4 0 _3Amazon customer reviews
_uhttp://www.chopac.org/cgi-bin/tools/azrev.pl?q=8172246439
942 _aNBS
_cBK
_k650.076 PET
999 _c344445
_d344445